Statistics for Airlines Currently Servicing San Diego

Click here to take the quiz!

General Stats

  • This quiz has been taken 47 times
  • The average score is 17 of 27

Answer Stats

Base / HubAirline / Carrier% Correct
TulsaAmerican
97%
AtlantaDelta
95%
Dallas Love FieldSouthwest
95%
SeattleAlaska
92%
Houston George BushUnited
92%
New York JFKJetBlue
89%
London HeathrowBritish Airways
86%
HonoluluHawaiian
84%
Colorado SpringsFrontier
81%
Tokyo NaritaJapan Airlines
81%
FrankfurtLufthansa
78%
CalgaryWestJet
73%
MemphisFedEx
62%
MinneapolisSun Country
62%
AshevilleAllegiant
57%
ZürichEdelweiss
54%
LouisvilleUPS
54%
TorontoAir Canada Rouge
49%
Atlantic CitySpirit Airlines
49%
VancouverAir Canada Express
43%
CincinnatiDHL
43%
Chicago O’HareUnited Express
35%
MontréalAir Transat
32%
AtlantaDelta Connection
32%
Dallas DFWAmerican Eagle
30%
EdmontonSwoop Airlines
14%
Puerto RicoAmeriflight
3%

Score Distribution

Percentile by Number Answered

Percent of People with Each Score

Your Score History

You have not taken this quiz